000 01155nam a2200313 i 4500
001 000042916
003 DO-SdBNP
005 20240410103208.0
007 ta
008 140212s2013 dr ac 001 0 spa d
020 _a9789945009118
040 _aDO-SdBNP
_bspa
_cBNPHU
_erda
082 4 _a320.97293
_bR466a
_222
100 1 _aReynoso Sicard, Eduardo Stormy,
_970378
_eautor
245 1 0 _aAsí nació la democracia dominicana :
_b30 de mayo 1961- 18 enero 1962 /
_cStormy Reynoso Sicard.
264 _aSanto Domingo :
_bCentenario,
_c2013.
300 _a549 páginas :
_bilustraciones, retratos. ;
_c24 cm.
336 _2rdacontent
_atexto
_btxt
337 _2rdamedia
_asin mediación
_bn
338 _2rdacarrier
_avolumen
_bnc
500 _aIncluye datos biográficos del autor en la solapa de la contracubierta
504 _aBibliografía : p. 549
590 _aInventariado, 2018/LP
650 4 _aDemocracia
_zRepública Dominicana
_96412
651 0 _aRepública Dominicana --
_xHistoria --
_y1961-
_96572
651 4 _aRepública Dominicana
_xPolítica y gobierno
_y1961-
_9204
910 _aValidado. Control de calidad EMS
942 _2ddc
_cLBS1
999 _c42405
_d42405